Dylan Cheng
Thomas Jefferson A
Categories
Science - Physics | 6 | 16 | 0 | 0 | 250 | 28 | 68.64 | 6 | 8 |
Science - Chemistry | 10 | 6 | 0 | 0 | 210 | 32 | 62.38 | 2 | 2 |
Science - Biology | 8 | 8 | 0 | 0 | 200 | 25 | 71.38 | 0 | 8 |
Science - Computer Science | 0 | 4 | 0 | 0 | 40 | 71 | 73.50 | 0 | 2 |
Science - Engineering and Miscellaneous | 0 | 4 | 0 | 0 | 40 | 108 | 111.00 | 2 | 2 |
Science - Astronomy | 0 | 4 | 0 | 0 | 40 | 108 | 113.00 | 0 | 0 |
Social Science - Sociology | 2 | 0 | 0 | 0 | 30 | 49 | 49.00 | 2 | 2 |
Geography - World | 2 | 0 | 0 | 0 | 30 | 33 | 33.00 | 0 | 0 |
History - World | 2 | 0 | 0 | 0 | 30 | 25 | 25.00 | 0 | 2 |
Science - Math | 2 | 0 | 0 | 0 | 30 | 74 | 74.00 | 0 | 0 |
Social Science - Linguistics | 2 | 0 | 0 | 0 | 30 | 17 | 17.00 | 2 | 2 |
Geography - United States | 0 | 2 | 0 | 0 | 20 | 70 | 70.00 | 0 | 0 |
Science - Earth | 0 | 2 | 0 | 0 | 20 | 83 | 83.00 | 0 | 0 |